000 00318nam a22001457a 4500
008 210225b ||||| |||| 00| 0 eng d
020 _a2900538746952
041 _aeng
080 _211th
_a336
082 _a336
100 _a56
101 _aFIN
245 _aFinancial Accounting
_cAlbrecht,W.S
942 _2udc
_cBK
999 _c55178
_d55178